Ortografia - Statystyki

Ogólne statystyki
  • Ten quiz został rozwiązany 100 razy
  • Średni wynik to 3 z 13
Answers on the Grid
Answers color-coded by a green-red scale on the quiz's grid according to % correct below.
rozmarzony
rozmażony
conieco
co nieco
co nie co
burzany i bażyny
bużany i barzyny
późno wieczorna dysputa
późnowieczorna dysputa
poniewczasie
po nie wczasie
wysokoobrotowy silnik
wysoko obrotowy silnik
pół zmartwiony, pół szczęśliwy
pół-zmartwiony, pół-szczęśliwy
fua gras
foi grass
foie gras
notabene
nota bene
z naręczem lilii
z naręczem lilji
va banque
vabank
va banc
mżonki
mrzonki
dysputa
dyspóta
 
Statystyki odpowiedzi
Odpowiedź % Poprawnych
rozmarzony
85%
co nieco
63%
wysokoobrotowy silnik
33%
va banque
23%
późnowieczorna dysputa
21%
burzany i bażyny
17%
dysputa
13%
pół zmartwiony, pół szczęśliwy
13%
poniewczasie
10%
mrzonki
8%
foie gras
6%
notabene
6%
z naręczem lilii
4%
Nie znaleziono quizów pasujących do podanych kryteriów
Rozkład punktacji
Procent ludzi z każdym wynikiem
Percentyl według liczby udzielonych odpowiedzi
Twoja historia wyników
Nie rozwiązałeś tego quizu